Troubleshooting NetWare for the 286 : featuring expert tips and techniques for maintaining a healthy, productive NetWare 2.2 LAN

Αποθηκεύτηκε σε:
Λεπτομέρειες βιβλιογραφικής εγγραφής
Κύριος συγγραφέας: Ivie, Scott 1965-
Άλλοι συγγραφείς: Snapp, Cheryl 1958-
Μορφή: Βιβλίο
Γλώσσα:English
Δημοσίευση: Redwood City, CA : M&T Books, c1991
Θέματα:
Ετικέτες: Προσθήκη ετικέτας
Δεν υπάρχουν, Καταχωρήστε ετικέτα πρώτοι!

MARC

LEADER 00000cam a2200000 i 4500
001 1/40815
008 971118s1991 eng d
020 |a 1558511695 
035 |l 10041346 
035 |a 1997  |c ΔΩΡΕΑ ΤΖΑΦΕΡΗ 
040 |a GR-MY-UA  |b gre  |e aacr 
041 0 |a eng 
082 0 |a 005.71369 
100 1 |a Ivie, Scott  |d 1965- 
245 1 0 |a Troubleshooting NetWare for the 286 :  |b featuring expert tips and techniques for maintaining a healthy, productive NetWare 2.2 LAN /  |c Scott Ivie and Cheryl D. Snapp 
260 |a Redwood City, CA :   |b M&T Books,   |c c1991 
300 |a 512 p.;  |b ill.;  |c 24 cm. 
500 |a Includes index 
650 0 0 |a Operating systems (Computers) 
700 1 |a Snapp, Cheryl  |d 1958- 
852 |a INST  |b SAMOS  |e 19971118  |h 005.71369 IVI  |p 005300008485  |q 005300008485  |t BK  |y 0 
901 |a BIBL-1997-2 
909 |a Σ  |b 050362